Central Library OPAC University of Rajshahi

Glossary of economics : (Record no. 42930)

MARC details
000 -LEADER
fixed length control field 00983cam a22002772 4500
001 - CONTROL NUMBER
control field 42930
003 - CONTROL NUMBER IDENTIFIER
rucl marc code BD-RJUL
005 - DATE AND TIME OF LATEST TRANSACTION
control field 20211209053622.0
008 - FIXED-LENGTH DATA ELEMENTS--GENERAL INFORMATION
fixed length control field 160618s1966 xx 000 0 eng
035 ## - SYSTEM CONTROL NUMBER
System control number BD-RJUL 43048
040 ## - CATALOGING SOURCE
Original cataloging agency DLC
Transcribing agency XFM
Modifying agency OCL
-- UKM
-- EQO
-- BD-RJUL
Language of cataloging eng
041 0# - LANGUAGE CODE
Language code of text/sound track or separate title mul
082 ## - DEWEY DECIMAL CLASSIFICATION NUMBER
Classification number 330.03
Author mark and year CLG 1966
100 1# - MAIN ENTRY--PERSONAL NAME
Personal name Clifford Vaughan, F.
9 (RLIN) 131838
245 10 - TITLE STATEMENT
Title Glossary of economics :
Remainder of title including Soviet terminology, in English/American, French, German, Russian /
Statement of responsibility, etc. compiled and arranged by F. and M. Clifford Vaughan.
260 ## - PUBLICATION, DISTRIBUTION, ETC. (IMPRINT)
Place of publication, distribution, etc. Amsterdam :
-- New York :
Name of publisher, distributor, etc. Elsevier Pub. Co.,
Date of publication, distribution, etc. 1966.
300 ## - PHYSICAL DESCRIPTION
Pagination 201 p. ;
Size 20 cm.
490 1# - SERIES STATEMENT
Series statement Glossaria interpretum
650 #0 - SUBJECT ADDED ENTRY--TOPICAL TERM
Topical term or geographic name as entry element Economics
Form subdivision Dictionaries
General subdivision Polyglot.
9 (RLIN) 131839
Topical term or geographic name as entry element English language
Form subdivision Dictionaries
General subdivision Polyglot.
9 (RLIN) 131840
Topical term or geographic name as entry element Dictionaries, Polyglot.
9 (RLIN) 131841
700 1# - ADDED ENTRY--PERSONAL NAME
Personal name Vaughan, Michalina
830 #0 - SERIES ADDED ENTRY--UNIFORM TITLE
Uniform title Glossaria interpretum
942 ## - ADDED ENTRY ELEMENTS (KOHA)
Source of classification or shelving scheme Dewey Decimal Classification
Koha item type Books
Holdings
Lost status Source of classification or shelving scheme Damaged status Not for loan Collection code Permanent Location Current Location Shelving location Date acquired Source of acquisition Cost, normal purchase price Total Checkouts Full call number Date last seen Copy number Koha item type
  Dewey Decimal Classification     Non-fiction Central Library, University of Rajshahi Central Library, University of Rajshahi   02/12/1965 Zeithlinger 10.00   330.03 CLG 1966 18/06/2016 C-2 Books
  Dewey Decimal Classification     Non-fiction Central Library, University of Rajshahi Central Library, University of Rajshahi   02/12/1965 Zeithlinger 10.00   330.03 CLG 1966 18/06/2016 C-3 Books
  Dewey Decimal Classification     Non-fiction Central Library, University of Rajshahi Central Library, University of Rajshahi   02/12/1965 Zeithlinger 10.00   330.03 CLG 1966 18/06/2016 C-4 Books
  Dewey Decimal Classification     Non-fiction Central Library, University of Rajshahi Central Library, University of Rajshahi   02/12/1965 Zeithlinger 10.00   330.03 CLG 1966 18/06/2016 C-5 Books